Normal view MARC view
  • Electronic instruments

Entry Topical Term

Number of records used in: 3

001 - CONTROL NUMBER

  • control field: 103109

003 - CONTROL NUMBER IDENTIFIER

  • control field: NUST

005 - DATE AND TIME OF LATEST TRANSACTION

  • control field: 20221118182356.0

008 - FIXED-LENGTH DATA ELEMENTS

  • fixed length control field: 221118|| aca||aabn | a|a d

040 ## - CATALOGING SOURCE

  • Original cataloging agency: NUST
  • Transcribing agency: NUST

150 ## - HEADING--TOPICAL TERM

  • Topical term or geographic name entry element: Electronic instruments
  • General subdivision: Design and construction

670 ## - SOURCE DATA FOUND

  • Source citation: Work cat.: (NUST)178603: Carr, Joseph J. 26343, Electronic circuit guidebook volume 2, c1997-<c1999 >
© 2023 Central Library, National University of Sciences and Technology. All Rights Reserved.